=LDR 00000nam 2200000 4500 =001 INLIS000000000039372 =005 20221010101628 =035 ##$$a 0010-061300000039372 =008 221010################g##########0#ind## =041 ##$$a ind =082 ##$$a 344.01 =090 ##$$a 344.01, Ind u =245 1#$$a UU RI Nomor 13 tahun 2003 tentang ketenaga kerjaan dan UU Ri Nomor 2 tahun 2004 tentang penyelesaian perselesihan hubungan industrial /$c Editor,Yudha pandhu =260 ##$$a Jakarta :$b Indonesia Legal Center Publishing,$c 2011 =300 ##$$a 208 Hlm, ; $c 21 x 15 cm. =650 #4$$a Hukum Perburuhan =850 ##$$a NBPNMAT =020 ##$$a 979-964-209-4 =084 ##$$a 344.01 IND u =100 #$$a Indonesia =990 ##$$a 21108897/pb-2011